Extrémizmus, radikalizácia a dezinformácie ako aktuálne hrozby a možnosti ich prevencie v školách

Zaoberá sa aktuálnymi hrozbami extrémizmu, radikalizácie a dezinformáciami pre žiakov základných a stredných škôl. Približuje rizikový vplyv internetu v tomto smere. Osobitnú pozornosť venuje možnostiam škôl v oblasti ich prevencie.

Enregistré dans:
Détails bibliographiques
Auteur principal: Emmerová, Ingrid
Format: Chapitre de livre
Langue:slovaque
Sujets:
Tags: Ajouter un tag
Pas de tags, Soyez le premier à ajouter un tag!

MARC

LEADER 00000naa a2200000 4500
001 0315114
005 20260224103823.8
041 0 |a slo 
044 |a SK 
245 1 0 |a Extrémizmus, radikalizácia a dezinformácie ako aktuálne hrozby  |b a možnosti ich prevencie v školách  |c Ingrid Emmerová 
520 |a Zaoberá sa aktuálnymi hrozbami extrémizmu, radikalizácie a dezinformáciami pre žiakov základných a stredných škôl. Približuje rizikový vplyv internetu v tomto smere. Osobitnú pozornosť venuje možnostiam škôl v oblasti ich prevencie. 
610 2 0 |a extrémizmus 
610 2 0 |a radikalizmus 
610 2 0 |a dezinformácie 
610 2 0 |a školy základné 
610 2 0 |a školy stredné 
610 2 0 |a žiaci 
610 2 0 |a internet 
610 2 0 |a prevencia 
100 1 |a Emmerová, Ingrid